Tilastot visalle Saksan naapurimaat

Klikkaa tästä pelataksesi tätä visaa!

Yleistilastot

  • Tätä visaa on pelattu 1 957 kertaa
  • Keskiarvotulos 8 / 9

Vastaustilastot

Rajan pituus (km)Maa% Oikein
456Puola
98%
451Ranska
97%
577Alankomaat
94%
167Belgia
94%
784Itävalta
94%
334Sveitsi
94%
68Tanska
92%
815Tšekki
91%
138Luxemburg
87%

Tulosjakauma

Persentiili vastausten määrän mukaan

Jokaisen tuloksen saaneiden osuus

Tuloshistoriasi

Et ole pelannut tätä visaa